Normal view
MARC view
Entry Personal Name
001 - CONTROL NUMBER
- control field: 80031
003 - CONTROL NUMBER IDENTIFIER
- control field: dpl
005 - DATE AND TIME OF LATEST TRANSACTION
- control field: 20250401124554.0
008 - FIXED-LENGTH DATA ELEMENTS
- fixed length control field: 250401|| aca||aabn | a|a d
040 ## - CATALOGING SOURCE
- Original cataloging agency: dpl
- Transcribing agency: dpl
100 ## - HEADING--PERSONAL NAME
- Personal name: Nanda, Er.Ls
670 ## - SOURCE DATA FOUND
- Source citation: Work cat.: (dpl)210591: Nanda, Er.Ls, Golden Problems In Mathematics/
